Cómo comprender los estados financieros (Registro nro. 140684)
[ vista simple ]
| 000 -CABECERA | |
|---|---|
| campo de control de longitud fija | 00589nam a2200193Ia 4500 |
| 001 - NÚMERO DE CONTROL | |
| campo de control | 140684 |
| 003 - IDENTIFICADOR DEL NÚMERO DE CONTROL | |
| campo de control | 232954 |
| 005 - FECHA Y HORA DE LA ÚLTIMA TRANSACCIÓN | |
| campo de control | 20250128062556.0 |
| 008 - DATOS DE LONGITUD FIJA--INFORMACIÓN GENERAL | |
| campo de control de longitud fija | ||||||n9999 ||| || || |
| 082 ## - NÚMERO DE LA CLASIFICACIÓN DECIMAL DEWEY | |
| Número de clasificación | 657.3 |
| 100 ## - ENTRADA PRINCIPAL--NOMBRE DE PERSONA | |
| Nombre de persona | Gill, James O |
| 9 (RLIN) | 172288 |
| 245 #0 - MENCIÓN DE TÍTULO | |
| Título | Cómo comprender los estados financieros |
| Resto del título | guía práctica de aplicaciones financieras para gerentes no financieros |
| Mención de responsabilidad, etc. | James O. Gill ; traducido por Héctor G. Tejera |
| 250 ## - MENCIÓN DE EDICIÓN | |
| Mención de edición | editado por Nicolás Grepe P. |
| 562 ## - NOTA DE IDENTIFICACIÓN DE LA COPIA Y VERSIÓN | |
| Número de copias | 1 |
| 526 ## - NOTA DE INFORMACIÓN SOBRE EL PROGRAMA DE ESTUDIO | |
| Nombre del programa | 17598 - ESPECIALIZACIÓN EN FINANZAS PÚBLICAS - A distancia |
| 526 ## - NOTA DE INFORMACIÓN SOBRE EL PROGRAMA DE ESTUDIO | |
| Nombre del programa | 102617 - ESPECIALIZACIÓN EN FINANZAS PÚBLICAS - Virtual |
| 650 #0 - PUNTO DE ACCESO ADICIONAL DE MATERIA--TÉRMINO DE MATERIA | |
| Término de materia o nombre geográfico como elemento de entrada | Estados financieros |
| 9 (RLIN) | 7038 |
| 942 ## - ELEMENTOS DE PUNTO DE ACCESO ADICIONAL (KOHA) | |
| Tipo de ítem Koha | Libro |
| Estado de retiro | Estado de pérdida | Estado dañado | No para préstamo | Código de colección | Localización permanente | Ubicación/localización actual | Coste, precio normal de compra | Total de préstamos | Signatura topográfica completa | Código de barras | Número de copia | Tipo de ítem Koha |
|---|---|---|---|---|---|---|---|---|---|---|---|---|
| General | Manizales - Sede Caldas | Manizales - Sede Caldas | 0.00 | 657.3 G45c | CAL5743 | 1 | Libro |

